[Event "Asia-ch U20"]
[Site "New Delhi"]
[Date "2006.11.14"]
[Round "9.18"]
[White "Balkishan, A."]
[Black "Rohan, Shah"]
[Result "0-1"]
[WhiteElo "1955"]
[BlackElo "2177"]
[PlyCount "72"]
[EventDate "2006.11.07"]
[EventType "swiss"]
[EventRounds "9"]
[EventCountry "IND"]
[SourceTitle "CBM 115 Extra"]
[Source "ChessBase"]
[SourceDate "2007.01.10"]
[SourceVersion "1"]
[SourceVersionDate "2007.01.10"]
[SourceQuality "1"]

1. d4 Nf6 2. e3 g6 3. Bd3 Bg7 4. Nd2 0-0 5. f4 d6 6. Ngf3 c5 7. c3 cxd4 8. exd4 Nc6 9. 0-0 e5 10. dxe5 dxe5 11. Nxe5 Nxe5 12. fxe5 Ng4 13. Nc4 Be6 14. Qe2 Bxc4 15. Bxc4 Nxe5 16. Bb3 Qh4 17. Bf4 Rae8 18. Bg3 Qe7 19. Rae1 Qc5+ 20. Kh1 a6 21. Qe4 b5 22. Qb7 Re7 23. Qe4 Rfe8 24. Bh4 Rd7 25. Bf2 Qc8 26. Bd4 Rde7 27. Bd5 Kh8 28. Qh4 f5 29. Re3 h6 30. Rg3 Kh7 31. Re3 Qd8 32. Bxe5 Rxe5 33. Rxe5 Qxh4 34. Rxe8 h5 35. Bg8+ Kh8 36. Re6 Bf6 0-1

[Event "Asia-ch U20"]
[Site "New Delhi"]
[Date "2006.11.11"]
[Round "6.17"]
[White "Prince, Bajaj"]
[Black "Rohan, Shah"]
[Result "1/2-1/2"]
[WhiteElo "1878"]
[BlackElo "2177"]
[PlyCount "71"]
[EventDate "2006.11.07"]
[EventType "swiss"]
[EventRounds "9"]
[EventCountry "IND"]
[SourceTitle "CBM 115 Extra"]
[Source "ChessBase"]
[SourceDate "2007.01.10"]
[SourceVersion "1"]
[SourceVersionDate "2007.01.10"]
[SourceQuality "1"]

1. e4 b6 2. g3 Bb7 3. Bg2 Nf6 4. d3 e5 5. Nf3 Nc6 6. 0-0 Bc5 7. Nbd2 0-0 8. Nc4 Re8 9. Be3 Bf8 10. Bg5 h6 11. Bxf6 Qxf6 12. Ne3 Ne7 13. Ng4 Qe6 14. Ngxe5 d6 15. Nc4 d5 16. exd5 Nxd5 17. Re1 Qf6 18. Nfe5 Rad8 19. Qd2 b5 20. Ng4 Qd4 21. Nce3 Qxb2 22. Reb1 Qd4 23. c3 Qxc3 24. Qxc3 Nxc3 25. Bxb7 Nxb1 26. Rxb1 a5 27. Bc6 Re6 28. Bd5 Re7 29. Nf5 Rxd5 30. Nxe7+ Bxe7 31. Ne3 Rxd3 32. Nf5 Ra3 33. Rb2 Bf6 34. Rc2 Rc3 35. Rd2 Bg5 36. Rd7 1/2-1/2